Central Library OPAC University of Rajshahi
Normal view MARC view

Entry Corporate Name

Number of records used in: 2

001 - CONTROL NUMBER

  • control field: 16722

003 - CONTROL NUMBER IDENTIFIER

  • control field: BD-RjUL

005 - DATE AND TIME OF LATEST TRANSACTION

  • control field: 20250901110646.0

008 - FIXED-LENGTH DATA ELEMENTS

  • fixed length control field: 250901|| aca||aabn | a|a d

040 ## - CATALOGING SOURCE

  • Original cataloging agency: BD-RjUL
  • Transcribing agency: BD-RjUL

110 ## - HEADING--CORPORATE NAME

  • Corporate name or jurisdiction name as entry element: East Pakistan Govt. Press

670 ## - SOURCE DATA FOUND

  • Source citation: Work cat.: (BD-RjUL)7167: Pakistan. Office of the Accountant-General, East Pakistan. [from old catalog] 157774, History of services of gazetted officers /, 1953,1955-66